Consumer policy : (Record no. 161793)

MARC details
000 -LEADER
fixed length control field 00884nam a2200265 a 4500
005 - DATE AND TIME OF LATEST TRANSACTION
control field 20230123134211.0
008 - FIXED-LENGTH DATA ELEMENTS--GENERAL INFORMATION
fixed length control field
020 ## - INTERNATIONAL STANDARD BOOK NUMBER
International Standard Book Number 0948018208(pbk.)
050 00 - LIBRARY OF CONGRESS CALL NUMBER
Classification number KJE6577
-- CON
003 - CONTROL NUMBER IDENTIFIER
control field
040 ## - CATALOGING SOURCE
Transcribing agency NUST
049 ## - LOCAL HOLDINGS (OCLC)
Holding library MAIN
245 00 - TITLE STATEMENT
Title Consumer policy :
Remainder of title the new EC trading environment /
Statement of responsibility, etc. edited by Jantien Findlater.
260 ## - PUBLICATION, DISTRIBUTION, ETC.
Place of publication, distribution, etc. Dublin :
Name of publisher, distributor, etc. Irish Centre for European Law, Trinity College,
Date of publication, distribution, etc. 1991.
300 ## - PHYSICAL DESCRIPTION
Extent 99 p. ;
Dimensions 21 cm.
490 1# - SERIES STATEMENT
Series statement ICEL ;
Volume/sequential designation no. 15
500 ## - GENERAL NOTE
General note Conference proceedings.
504 ## - BIBLIOGRAPHY, ETC. NOTE
Bibliography, etc. note Includes bibliographical references.
650 #0 - SUBJECT ADDED ENTRY--TOPICAL TERM
Topical term or geographic name entry element Consumer protection
General subdivision Law and legislation
Geographic subdivision European Economic Community countries.
700 1# - ADDED ENTRY--PERSONAL NAME
Personal name Findlater, Jantien.
710 2# - ADDED ENTRY--CORPORATE NAME
Corporate name or jurisdiction name as entry element Irish Centre for European Law.
830 #0 - SERIES ADDED ENTRY--UNIFORM TITLE
Uniform title ICEL (Series) ;
Volume/sequential designation no. 15.
907 ## - LOCAL DATA ELEMENT G, LDG (RLIN)
a .b10201142
b 10-05-06
c 08-05-06
942 ## - ADDED ENTRY ELEMENTS (KOHA)
Koha item type Ordinary Loan Books
Holdings
Date last seen Total Checkouts Full call number Barcode Cost, replacement price Price effective from Koha item type Lost status Source of classification or shelving scheme Damaged status Not for loan Collection Withdrawn status Home library Current library Shelving location Date acquired Cost, normal purchase price
01/23/2023   KJE6577 CON 92003025850 80.00 01/23/2023 BOOKS   LCC     NFIC   MAIN MAIN GEN 01/23/2023 80.00